00457nam a2200157Ia 4500003000900000008004100009020001900050040001600069080001500085100001700100245008500117250001200202260003800214300002300252650002400275IN-BaIIA211028s9999 xx 000 0 eng d a978-8125910114 cIIA Library a539.2bGUP aGupta, H. C. 0aSolid state physicscH. C. Gupta  a2nd ed. aNew DelhibVikas Publishingc2008 a[various pagings.] aSolid state physics